000 00476nam a2200133 4500
999 _c14186
_d14186
008 190904b ||||| |||| 00| 0 eng d
082 _aDPer 050 T48 Apr-June 2016 v. 187 n. 12-24
100 _939312
_aKlein, Joe.
245 _aTrump, the astute salesman, has seized on America's prevailing mood:
_bnostalgic/
_cJoe Klein.
260 _aHong Kong:
_bTime Asia,
_cc2016.
300 _av187 n20, page 19:
_billustrations;
_c27 cm.
650 _aPolitics.
_939837
942 _2ddc
_cPER